Xiao xue sheng bi bei gu shi ci . The pupils must recite a poem
| Main Author: | |
|---|---|
| Format: | Book |
| Published: |
Beijing :
China Theatre Pub House ,
2009
|
| Subjects: |
MARC
| LEADER | 00000cam a2200000 7i4500 | ||
|---|---|---|---|
| 001 | 0000138564 | ||
| 005 | 20250903114137.0 | ||
| 020 | |a 9787104017318 | ||
| 090 | 0 | 0 | |a JFM |b EEF |
| 100 | 0 | |a Ee Fang | |
| 245 | 1 | 0 | |a Xiao xue sheng bi bei gu shi ci . |p The pupils must recite a poem |c Ee Fang |
| 260 | |a Beijing : |b China Theatre Pub House , |c 2009 | ||
| 300 | |a 223p. : |b ill. ; |c 21cm. | ||
| 650 | 0 | 0 | |a Chinese fiction |
| 650 | 0 | 0 | |a Chinese language |
| 650 | 0 | 0 | |a Poems |x Chinese language |
| 999 | |a 00232533 |b BUKU |c JUNIOR FICTION MANDARIN COLLECTION |e PERPUSTAKAAN KOMUNITI PETALING JAYA | ||